[Event "39th Trusts Chess Open A"]
[Site "Henderson, Auckland NZL"]
[Date "2016.06.06" ]
[Round "6"]
[White "Hague, Ben"]
[Black "Dive, Russell J"]
[Result "1-0"]
[WhiteElo "2428"]
[BlackElo "2452"]
[PlyCount "0"]
[EventDate "2016.06.04"]
[SourceDate ""]

1. e4 c6 2. d4 d5 3. Nc3 dxe4 4. Nxe4 Nd7 5. Ng5 Ngf6 6. Bd3 e6 7. N1f3 h6 8.
Nxe6 Qe7 9. O-O fxe6 10. Bg6+ Kd8 11. Bf4 b6 12. Re1 Ba6 13. d5 Nxd5 14. Nd4
Bb7 15. Rxe6 Nxf4 16. Rxe7 Bxe7 17. Bf5 Nd5 18. Bxd7 Kxd7 19. Qg4+ Kc7 20. Ne6+
Kc8 21. c4 Nf6 22. Qxg7 Rh7 23. Qg3 Kd7 24. Qe5 Rc8 25. Rd1+ Ke8 26. Qf5 c5 27.
Qg6+ Rf7 28. Ng7+ Kf8 29. Nf5 Ng8 30. Rd7 Be4 31. Rxe7 Rxe7 32. Qxg8+ Kxg8 33.
Nxe7+ Kf7 34. Nxc8 Ke6 35. Nxa7 Bd3 36. b3 Bb1 37. Nc8 Bxa2 38. Nxb6 Bxb3 39.
Kf1 Kd6 40. Ke1 Kc6 41. Nd5 Bxc4 42. Ne3 Be6 43. Kd2 Kd6 44. f4 Ke7 45. g4 Kf6
46. Kd3 h5 47. g5+ Kg6 48. h4 c4+ 49. Kd4 Bg8 50. f5+ Kg7 51. Nxc4 1-0

[Event "39th Trusts Chess Open A"]
[Site "Henderson, Auckland NZL"]
[Date "2016.06.06" ]
[Round "6"]
[White "Noble, Mark F"]
[Black "Duneas, John"]
[Result "1/2-1/2"]
[WhiteElo "2307"]
[BlackElo "2220"]
[PlyCount "0"]
[EventDate "2016.06.04"]
[SourceDate ""]

1. d4 d5 2. c4 c6 3. Nf3 Nf6 4. Nc3 dxc4 5. a4 Bf5 6. Ne5 e6 7. e3 Bb4 8. Bxc4
Nbd7 9. Nd3 Ba5 10. O-O O-O 11. Qe2 Bg6 12. h3 Re8 13. f4 c5 14. dxc5 Bxd3 15.
Bxd3 Nxc5 16. Rd1 Nxd3 17. Rxd3 Qb6 18. Bd2 Rad8 19. Rxd8 Rxd8 20. Be1 a6 21.
Rd1 Rxd1 22. Nxd1 Bxe1 23. Qxe1 Nd5 24. Qd2 h6 25. Kf1 Qb3 26. Nc3 Qc4+ 27. Kf2
Nb4 28. Kg3 Nd5 29. Nxd5 exd5 30. Qd4 Qb3 31. f5 f6 32. a5 Kf7 33. Qc5 Ke8 {(=)
} 34. Qc8+ Ke7 35. Qe6+ Kf8 36. Qd6+ Kf7 37. Qd7+ Kf8 38. Qd8+ Kf7 39. Qd7+ Kf8
40. Qc8+ Ke7 41. Qe6+ Kf8 42. Qd6+ Kf7 43. Qc7+ Kf8 44. Qd8+ Kf7 45. Qd7+ Kf8
46. Qd6+ Kf7 47. Qe6+ Kf8 48. Qc8+ Ke7 49. Qe6+ Kf8 50. Qc8+ Ke7 1/2-1/2

[Event "39th Trusts Chess Open A"]
[Site "Henderson, Auckland NZL"]
[Date "2016.06.06" ]
[Round "6"]
[White "Smith, Robert W"]
[Black "Kulashko, Alexei"]
[Result "1/2-1/2"]
[WhiteElo "2337"]
[BlackElo "2429"]
[PlyCount "0"]
[EventDate "2016.06.04"]
[SourceDate ""]

1. e4 b6 2. d4 Bb7 3. Bd3 e6 4. Nf3 Nf6 5. Qe2 d5 6. e5 Ne4 7. Nbd2 Nxd2 8.
Bxd2 Be7 9. h4 h6 10. h5 a5 11. Rh3 Ba6 12. Rg3 Bxd3 13. Qxd3 Bf8 14. Rg4 Qc8
15. Nh4 Qa6 16. Qg3 Nc6 17. c3 O-O-O 18. Qf3 Rd7 19. Qe2 Qxe2+ 20. Kxe2 Be7 21.
Nf3 Rh7 22. Re1 Nd8 23. Nh2 c5 24. f4 Nc6 25. Nf3 c4 26. a4 Rb7 27. Rf1 Bd8 28.
Rg3 b5 29. axb5 Rxb5 30. Bc1 a4 31. Nd2 Ne7 32. Rh3 f5 33. Rg3 Kd7 34. Kd1 Ke8
35. Nf3 Nc6 36. Kc2 Kf7 37. Be3 Be7 38. Ra1 Ra5 39. Rg6 Rh8 40. g4 fxg4 41.
Rxg4 Rb8 42. Bc1 Na7 43. Nd2 Nb5 44. Nb1 Nc7 45. Nd2 Kg8 46. Rg6 Rf8 47. Nf1
Kh7 48. Rg4 Ra6 49. Ne3 Rf7 50. Nf1 Nb5 51. Ne3 Nc7 52. Nf1 Bf8 53. Ne3 Ra5 54.
Nf1 Na8 55. Ng3 Ra6 56. Rg6 Nc7 57. Rg4 Be7 58. Nf1 Na8 59. Ne3 Nc7 60. Nf1 Rf5
61. Ng3 Rf8 62. Nf1 Bd8 63. Ne3 Rf7 64. Nf1 Nb5 65. Ne3 1/2-1/2

[Event "39th Trusts Chess Open A"]
[Site "Henderson, Auckland NZL"]
[Date "2016.06.06" ]
[Round "6"]
[White "Garbett, Paul A"]
[Black "McLaren, Leonard J"]
[Result "1/2-1/2"]
[WhiteElo "2346"]
[BlackElo "2330"]
[PlyCount "0"]
[EventDate "2016.06.04"]
[SourceDate ""]

1. e4 c5 2. Nf3 d6 3. d4 cxd4 4. Nxd4 Nf6 5. Nc3 e6 6. g3 Nc6 7. Bg2 Bd7 8. Nb3
a6 9. a4 b6 10. O-O Be7 11. f4 O-O 12. Be3 Rb8 13. Qe2 Qc8 14. g4 Na5 15. g5
Ne8 16. Nd2 Nc6 17. Nc4 Qc7 18. Na3 Bc8 19. Qc4 Na5 20. Qxc7 Nxc7 21. b4 Nc6
22. b5 Nb4 23. Rfd1 d5 24. Bd4 dxe4 25. Be5 Rb7 26. Nxe4 Nbd5 27. Rd3 Ra7 28.
c4 Nb4 29. Rdd1 axb5 30. Nxb5 Nxb5 31. axb5 Rxa1 32. Rxa1 Nc2 33. Ra7 Bb4 34.
Bd6 Rd8 35. Rc7 f5 36. gxf6 Bxd6 37. Nxd6 Rxd6 38. Rxc8+ Kf7 39. fxg7 Kxg7 40.
Rc7+ Kf6 41. Kf2 Rd4 42. c5 bxc5 43. b6 Rxf4+ 44. Kg3 Rb4 45. b7 Rb3+ 46. Kf2
Ne3 47. Rc8 Nxg2 48. b8=Q Rxb8 49. Rxb8 Nf4 50. Rc8 h5 51. Ke3 Nd5+ 52. Kf3 Kf5
53. Rxc5 Kg5 54. Rc6 Kf5 55. Rc8 e5 56. Rf8+ Nf6 57. h3 Kg5 58. Ra8 Kf5 1/2-1/2

[Event "39th Trusts Chess Open A"]
[Site "Henderson, Auckland NZL"]
[Date "2016.06.06" ]
[Round "6"]
[White "Vincenti, David"]
[Black "McNabb, Matthew D"]
[Result "0-1"]
[WhiteElo "2180"]
[BlackElo "2187"]
[PlyCount "0"]
[EventDate "2016.06.04"]
[SourceDate ""]

1. d4 d5 2. c4 c6 3. Nc3 Nf6 4. e3 e6 5. Nf3 Nbd7 6. b3 Bb4 7. Bd2 O-O 8. Bd3
Bd6 9. O-O Re8 10. Qc2 a6 11. Rad1 e5 12. cxd5 cxd5 13. dxe5 Nxe5 14. Nxe5 Rxe5
15. f4 Rh5 16. Bc1 Bg4 17. Rde1 Rc8 18. Qb2 d4 19. exd4 Bb4 20. Na4 Bxe1 21.
Rxe1 b5 22. Nc5 Rcxc5 0-1

[Event "39th Trusts Chess Open A"]
[Site "Henderson, Auckland NZL"]
[Date "2016.06.06" ]
[Round "6"]
[White "Thornton, Giovanni A"]
[Black "James, Jack"]
[Result "1-0"]
[WhiteElo "2235"]
[BlackElo "2097"]
[PlyCount "0"]
[EventDate "2016.06.04"]
[SourceDate ""]

1. c4 c6 2. Nf3 d5 3. d4 e6 4. Qc2 Nf6 5. Bg5 Bd6 6. Nc3 Nbd7 7. e3 O-O 8. Bd3
dxc4 9. Bxc4 e5 10. O-O exd4 11. exd4 h6 12. Bh4 Qc7 13. Rfe1 b5 14. Bb3 a6 15.
Ne4 Nxe4 16. Qxe4 Ra7 17. Bc2 g6 18. Bb3 Kg7 19. Rac1 Nb8 20. Bg3 Bxg3 21. hxg3
Be6 22. d5 Bd7 23. Qd4+ Kh7 24. d6 1-0

[Event "39th Trusts Chess Open A"]
[Site "Henderson, Auckland NZL"]
[Date "2016.06.06" ]
[Round "6"]
[White "Marko, Helmut S"]
[Black "Gong, Daniel Hanwen"]
[Result "1/2-1/2"]
[WhiteElo "1993"]
[BlackElo "2218"]
[PlyCount "0"]
[EventDate "2016.06.04"]
[SourceDate ""]

1. Nf3 Nf6 2. g3 g6 3. Bg2 Bg7 4. c4 O-O 5. O-O d6 6. Nc3 e5 7. d3 h6 8. Bd2 c6
9. Rb1 a5 10. b3 Bf5 11. e4 Bg4 12. h3 Bxf3 13. Qxf3 Ne8 14. Qd1 Nd7 15. Be3
Nc7 16. Qd2 Kh7 17. a3 Ne6 18. Ne2 f5 19. f4 exf4 20. Nxf4 Nxf4 21. Bxf4 Nc5
22. exf5 Rxf5 23. d4 Ne6 24. Be3 Qf6 25. Rxf5 gxf5 26. d5 Nd8 27. Rf1 Qg6 28.
Qf2 Kh8 29. Kh2 Be5 30. Bf4 Nf7 31. Bxe5+ Nxe5 32. Qxf5 Qxf5 33. Rxf5 a4 34.
bxa4 c5 35. Bf1 Kg7 36. Rf2 Rxa4 37. Rb2 Rxa3 38. Rxb7+ Kf6 39. Rb6 Ra2+ 40.
Kh1 Nf3 41. Rxd6+ Kf5 42. Bg2 Ra1+ 43. Bf1 Rxf1+ 44. Kg2 Nd2 45. Rxh6 Rc1 46.
g4+ Kg5 47. Rh5+ Kf6 48. Rf5+ Ke7 49. d6+ Kd7 1/2-1/2

[Event "39th Trusts Chess Open A"]
[Site "Henderson, Auckland NZL"]
[Date "2016.06.06" ]
[Round "6"]
[White "Timergazi, Layla"]
[Black "Macdonald, Paul"]
[Result "0-1"]
[WhiteElo "2152"]
[BlackElo "2040"]
[PlyCount "0"]
[EventDate "2016.06.04"]
[SourceDate ""]

1. d4 d6 2. c4 e5 3. d5 a5 4. e4 f5 5. Nc3 Nf6 6. Bg5 Be7 7. Bd3 Nxe4 8. Nxe4
Bxg5 9. Qh5+ g6 10. Qxg5 fxe4 11. Qxd8+ Kxd8 12. Bxe4 Bf5 13. Bf3 Na6 14. g4
Bd3 15. Rc1 Rf8 16. Bg2 Rf4 17. f3 Rxc4 18. Rd1 Nc5 19. Nh3 Rc2 20. Rd2 Rc1+
21. Kf2 Rxh1 22. Bxh1 Ke7 23. Ke3 Bf1 24. Nf2 a4 25. Ne4 Ra5 26. Nc3 Bc4 27. f4
exf4+ 28. Kxf4 Nd3+ 29. Kg5 Ne5 30. Kh6 Nxg4+ 31. Kxh7 Kf6 32. Rd4 Ne5 33. Rf4+
Kg5 34. Rf8 Bd3 35. Rc8 Rc5 36. Nxa4 Rc2 37. h4+ Kxh4 38. Kg8 g5 39. Kf8 g4 40.
Ke8 Bf5 0-1

[Event "39th Trusts Chess Open A"]
[Site "Henderson, Auckland NZL"]
[Date "2016.06.06" ]
[Round "6"]
[White "Bennett, Hilton P"]
[Black "Li, William Xiang Wei"]
[Result "1/2-1/2"]
[WhiteElo "2052"]
[BlackElo "2149"]
[PlyCount "0"]
[EventDate "2016.06.04"]
[SourceDate ""]

1. e4 c5 2. Nc3 a6 3. f4 b5 4. Qe2 Bb7 5. d3 e6 6. g3 Be7 7. Bg2 b4 8. Nd1 d5
9. Nf3 Nf6 10. e5 Nfd7 11. O-O O-O 12. g4 Re8 13. f5 exf5 14. gxf5 Bf6 15. Bf4
Nc6 16. e6 fxe6 17. fxe6 Nf8 18. Bh3 Bc8 19. Qg2 Bxe6 20. Nf2 Nd4 21. Nxd4 Bxd4
22. Kh1 Bxf2 23. Rxf2 Qd7 24. Bxe6+ Rxe6 25. Raf1 Rae8 26. Bg3 Ng6 27. Rf5 Rd8
28. Qf2 c4 29. Rf7 Re7 30. Rf5 Qe6 31. Bh4 cxd3 32. cxd3 d4 33. Bxe7 Qxe7 34.
Rf7 Qe6 35. Qf3 Qxa2 36. Rxg7+ Kxg7 37. Qf6+ Kh6 38. Qxd8 Qxb2 39. Qc8 Qe2 40.
Qh3+ Qh5 41. Qxh5+ Kxh5 42. Ra1 Nf4 43. Rxa6 Nxd3 44. Rb6 Kg4 45. Rd6 Kf3 46.
Rxd4 Ke3 47. Rh4 b3 48. Rxh7 b2 49. Rb7 Kd2 50. h4 Kc3 51. Rxb2 Kxb2 1/2-1/2

[Event "39th Trusts Chess Open A"]
[Site "Henderson, Auckland NZL"]
[Date "2016.06.06" ]
[Round "6"]
[White "Runcan, Daniel I"]
[Black "Forster, William"]
[Result "0-1"]
[WhiteElo "2004"]
[BlackElo "2075"]
[PlyCount "0"]
[EventDate "2016.06.04"]
[SourceDate ""]

1. e4 c5 2. Nc3 a6 3. f4 b5 4. Nf3 Bb7 5. d3 e6 6. g3 d5 7. exd5 exd5 8. Bg2 b4
9. Nb1 Nf6 10. O-O Be7 11. a3 a5 12. axb4 axb4 13. Rxa8 Bxa8 14. Ne5 O-O 15.
Nd2 Nbd7 16. Qe2 Re8 17. c3 bxc3 18. bxc3 Qa5 19. Nxd7 Nxd7 20. c4 Nf6 21. Re1
Bf8 22. Qd1 Rxe1+ 23. Qxe1 Qc3 24. Nf3 Qxd3 25. Ne5 Qb1 26. Kf1 Qa2 27. Qe2 {
(=)} Qa5 28. cxd5 Bxd5 29. Bxd5 Nxd5 30. Nc4 Qa8 31. Bb2 Qa2 32. Be5 Qxc4 0-1

[Event "39th Trusts Chess Open A"]
[Site "Henderson, Auckland NZL"]
[Date "2016.06.06" ]
[Round "6"]
[White "Lim, Benjamin U"]
[Black "Ha, Huy Minh"]
[Result "1-0"]
[WhiteElo "2037"]
[BlackElo "1850"]
[PlyCount "0"]
[EventDate "2016.06.04"]
[SourceDate ""]

1. e4 c5 2. d3 Nc6 3. g3 b6 4. Bg2 Bb7 5. Nf3 e6 6. O-O d6 7. Re1 Nf6 8. c3 Be7
9. d4 cxd4 10. cxd4 Qc7 11. Nc3 a6 12. Bg5 h6 13. Bd2 O-O 14. Rc1 Qd7 15. Na4
Bd8 16. b4 b5 17. Nb2 Bb6 18. Bc3 d5 19. Ne5 Nxe5 20. dxe5 dxe4 21. exf6 1-0

[Event "39th Trusts Chess Open A"]
[Site "Henderson, Auckland NZL"]
[Date "2016.06.06" ]
[Round "6"]
[White "Sarmiento, Noel"]
[Black "Goodhue, Nathan"]
[Result "0-1"]
[WhiteElo "1922"]
[BlackElo "2074"]
[PlyCount "0"]
[EventDate "2016.06.04"]
[SourceDate ""]

1. c4 b6 2. Nc3 Bb7 3. e3 f5 4. Nf3 Nf6 5. a3 e6 6. b3 Be7 7. Bb2 O-O 8. g3 e5
9. Bg2 f4 10. O-O e4 11. Nd4 f3 12. Nxf3 exf3 13. Bxf3 Bxf3 14. Qxf3 c6 15. Qg2
d5 16. cxd5 cxd5 17. Rad1 Nc6 18. Ne2 Qd6 19. d3 Rad8 20. b4 b5 21. Qh3 Ra8 22.
Rc1 a5 23. bxa5 Rxa5 24. Nf4 Ra6 25. Rfd1 g5 26. Ne6 g4 27. Qh6 Qxe6 28. e4
dxe4 29. dxe4 Ne5 30. Qg5+ Ng6 31. e5 Ne4 32. Qe3 Nxf2 33. Rf1 Nh3+ 0-1

[Event "39th Trusts Chess Open A"]
[Site "Henderson, Auckland NZL"]
[Date "2016.06.06" ]
[Round "6"]
[White "Shen, Terry"]
[Black "Zhang, Jasmine Haomo"]
[Result "1/2-1/2"]
[WhiteElo "1813"]
[BlackElo "1859"]
[PlyCount "0"]
[EventDate "2016.06.04"]
[SourceDate ""]

1. d4 d5 2. Bf4 c6 3. e3 Bf5 4. Bd3 Bg6 5. Nf3 e6 6. c3 Nf6 7. Qc2 Bd6 8. Bg3
Qc7 9. Nbd2 Nbd7 10. a4 O-O 11. Bxg6 hxg6 12. Bxd6 Qxd6 13. O-O Rfc8 14. b4 a5
15. Rfb1 Qc7 16. c4 Ra7 17. c5 axb4 18. Rxb4 Rca8 19. Rab1 e5 20. dxe5 Nxe5 21.
Nxe5 Qxe5 22. Rxb7 Rxa4 23. Nf3 Qe4 24. Qb3 R4a5 25. Qb6 Qe8 26. Ng5 Ne4 27.
Nxe4 dxe4 28. g3 Qe5 29. Qxc6 Rxc5 30. Qd7 Qf5 31. Qxf5 gxf5 32. Rb8+ 1/2-1/2

[Event "39th Trusts Chess Open A"]
[Site "Henderson, Auckland NZL"]
[Date "2016.06.06" ]
[Round "6"]
[White "Fan, Allen Chi Zhou"]
[Black "Wright, Caleb"]
[Result "1-0"]
[WhiteElo "2047"]
[BlackElo "1982"]
[PlyCount "0"]
[EventDate "2016.06.04"]
[SourceDate ""]

1. Nf3 c5 2. c4 g6 3. d4 Bg7 4. g3 e6 5. Bg2 Qc7 6. Bf4 Qb6 7. Qc2 Ne7 8. Nc3
O-O 9. dxc5 Qxc5 10. Nb5 e5 11. Be3 Qb4+ 12. Bd2 Qc5 13. b4 Qb6 14. Be3 Qd8 15.
Rd1 Nbc6 16. Bc5 b6 17. Bd6 a6 18. Bc7 1-0

[Event "39th Trusts Chess Open A"]
[Site "Henderson, Auckland NZL"]
[Date "2016.06.06" ]
[Round "6"]
[White "Lyall, Simon"]
[Black "Gilmour, Mark"]
[Result "1/2-1/2"]
[WhiteElo "1988"]
[BlackElo "1850"]
[PlyCount "0"]
[EventDate "2016.06.04"]
[SourceDate ""]

1. e4 c6 2. Nc3 d5 3. Nf3 d4 4. Ne2 c5 5. Ng3 Nc6 6. Bc4 e6 7. O-O Be7 8. c3
Nf6 9. d3 O-O 10. Re1 e5 11. h3 Qc7 12. a3 h6 13. Nh4 Be6 14. Bxe6 fxe6 15. Ng6
Rf7 16. f4 Bd6 17. f5 Re8 18. fxe6 Rxe6 19. h4 Nxe4 20. Nxe4 Rxg6 21. h5 Re6
22. Qg4 Qe7 23. c4 b6 24. Bd2 Bc7 25. Rf1 Nd8 26. Ng3 Rxf1+ 27. Rxf1 Rf6 28.
Bxh6 Rxf1+ 29. Nxf1 Qf6 30. Bg5 Qe6 31. Qe4 Qc6 32. Qf5 Nf7 1/2-1/2